[Event "Steinfurt Bezirksliga 0304"]
[Site "Germany"]
[Date "2003.10.18"]
[Round "1.4"]
[White "Schwermann, Rolf"]
[Black "Rolfing, Anton"]
[Result "0-1"]
[WhiteElo "1532"]
[BlackElo "1644"]
[PlyCount "44"]
[EventDate "2003.10.18"]
[EventType "team-tourn"]
[EventRounds "9"]
[EventCountry "GER"]
[SourceTitle "EXT 2005"]
[Source "ChessBase"]
[SourceDate "2004.11.15"]
[SourceVersion "1"]
[SourceVersionDate "2004.11.15"]
[SourceQuality "1"]
[WhiteTeam "Steinfurt II"]
[BlackTeam "Rheine Klein Berlin II"]
[WhiteTeamCountry "GER"]
[BlackTeamCountry "GER"]

1. Nc3 Nf6 2. e4 d6 3. d4 g6 4. Be2 Bg7 5. Be3 0-0 6. h3 c6 7. Qd2 Re8 8. 0-0-0 b5 9. g4 b4 10. Nb1 Nxe4 11. Qd3 d5 12. Re1 Ba6 13. Qd1 Bxe2 14. Nxe2 e5 15. Nd2 exd4 16. Nxd4 c5 17. Nxe4 dxe4 18. Ne2 Qf6 19. c3 Nc6 20. g5 Qe6 21. Kb1 bxc3 22. b3 Nb4 0-1

[Event "Steinfurt Bezirksliga 0203"]
[Site "Germany"]
[Date "2003.05.10"]
[Round "9.5"]
[White "Schwermann, Rolf"]
[Black "Richter, Michael2222"]
[Result "1/2-1/2"]
[WhiteElo "1513"]
[BlackElo "1652"]
[PlyCount "84"]
[EventDate "2002.09.14"]
[EventType "team-tourn"]
[EventRounds "9"]
[EventCountry "GER"]
[SourceTitle "EXT 2004"]
[Source "ChessBase"]
[SourceDate "2003.11.25"]
[SourceVersion "1"]
[SourceVersionDate "2003.11.25"]
[SourceQuality "1"]
[WhiteTeam "Steinfurt II"]
[BlackTeam "Reckenfeld"]
[WhiteTeamCountry "GER"]
[BlackTeamCountry "GER"]

1. Nc3 d5 2. e4 e6 3. exd5 exd5 4. d4 Bb4 5. Qf3 c6 6. Bd2 Qf6 7. Qxf6 Nxf6 8. Bd3 0-0 9. 0-0-0 b6 10. f3 Ba6 11. Bxa6 Nxa6 12. Nge2 Rfe8 13. Rhe1 Nc7 14. Nb1 Bd6 15. Bf4 Nb5 16. Bxd6 Nxd6 17. Nf4 Nf5 18. c3 Kf8 19. Kd2 Nd7 20. g3 Rac8 21. Na3 Nd6 22. b3 b5 23. Nc2 a5 24. a3 Nb6 25. Nd3 f6 26. Rxe8+ Rxe8 27. Re1 Rxe1 28. Ndxe1 Ke7 29. Nd3 Nd7 30. Ne3 g6 31. g4 h6 32. h4 Kf7 33. Nc5 Nxc5 34. dxc5 Nb7 35. b4 a4 36. Nc2 Nd8 37. Nd4 g5 38. h5 Ke8 39. Ke3 Kd7 40. Nf5 Nf7 41. Nd4 Ne5 42. Ke2 Nf7 1/2-1/2

[Event "Steinfurt Bezirksliga 0203"]
[Site "Germany"]
[Date "2003.04.26"]
[Round "8.5"]
[White "Lang, Kathrin"]
[Black "Schwermann, Rolf"]
[Result "1-0"]
[WhiteElo "1507"]
[BlackElo "1513"]
[PlyCount "91"]
[EventDate "2002.09.14"]
[EventType "team-tourn"]
[EventRounds "9"]
[EventCountry "GER"]
[SourceTitle "EXT 2004"]
[Source "ChessBase"]
[SourceDate "2003.11.25"]
[SourceVersion "1"]
[SourceVersionDate "2003.11.25"]
[SourceQuality "1"]
[WhiteTeam "Rheine SG"]
[BlackTeam "Steinfurt II"]
[WhiteTeamCountry "GER"]
[BlackTeamCountry "GER"]

1. e4 g6 2. Bc4 Bg7 3. Nf3 c6 4. c3 d5 5. exd5 cxd5 6. Bb5+ Bd7 7. Bxd7+ Qxd7 8. d4 Nc6 9. Bf4 Nh6 10. Na3 a6 11. Nc2 Nf5 12. 0-0 0-0 13. Nce1 Bh6 14. Bxh6 Nxh6 15. Nd3 Ng4 16. Qb3 e6 17. Nc5 Qc7 18. Qxb7 Qxb7 19. Nxb7 Rfb8 20. Nc5 Rxb2 21. h3 Nf6 22. Rfb1 Rab8 23. Rxb2 Rxb2 24. Nxa6 Ne4 25. Nb4 Na5 26. Rc1 Nxf2 27. Rc2 Rxc2 28. Nxc2 Ne4 29. Nb4 Nxc3 30. Kf2 Nc4 31. Ke1 f6 32. Nd2 e5 33. Nxc4 dxc4 34. d5 Nb5 35. a4 Nd6 36. a5 Kf8 37. a6 Nb5 38. Nc6 Ke8 39. a7 Nc7 40. d6 Na8 41. Nb8 Kd8 42. Kd2 Nb6 43. Kc3 f5 44. Nc6+ Kd7 45. Nxe5+ Kxd6 46. Nxc4+ 1-0

[Event "Steinfurt Bezirksliga 0203"]
[Site "Germany"]
[Date "2003.01.25"]
[Round "5.5"]
[White "Schwermann, Rolf"]
[Black "Hartmann, Eugen"]
[Result "1/2-1/2"]
[WhiteElo "1513"]
[BlackElo "1788"]
[PlyCount "73"]
[EventDate "2002.09.14"]
[EventType "team-tourn"]
[EventRounds "9"]
[EventCountry "GER"]
[SourceTitle "EXT 2004"]
[Source "ChessBase"]
[SourceDate "2003.11.25"]
[SourceVersion "1"]
[SourceVersionDate "2003.11.25"]
[SourceQuality "1"]
[WhiteTeam "Steinfurt II"]
[BlackTeam "Ibbenbueren II"]
[WhiteTeamCountry "GER"]
[BlackTeamCountry "GER"]

1. Nc3 c6 2. b3 g6 3. Bb2 Bg7 4. d4 d5 5. e3 Nf6 6. Bd3 0-0 7. Nf3 Bg4 8. h3 Bxf3 9. Qxf3 Nbd7 10. Ne2 Qc7 11. Qg3 Qxg3 12. Nxg3 Rfe8 13. f4 e6 14. 0-0 c5 15. c3 Rec8 16. Rac1 a6 17. a3 b5 18. b4 cxd4 19. cxd4 Nb6 20. Rxc8+ Rxc8 21. Rc1 Rxc1+ 22. Bxc1 Ne8 23. Nf1 Nc4 24. Bxc4 dxc4 25. Bb2 Nd6 26. Nd2 Nb7 27. Bc3 Bf8 28. Kf2 Be7 29. g3 Bd8 30. Kf3 a5 31. Ne4 axb4 32. axb4 Be7 33. Nc5 Bxc5 34. dxc5 Nd8 35. g4 Nc6 36. g5 Kf8 37. h4 1/2-1/2

[Event "Muensterland Verbandsklasse-B 0203"]
[Site "Muensterland"]
[Date "2002.09.28"]
[Round "1.7"]
[White "Gildehaus, Simon"]
[Black "Schwermann, Rolf"]
[Result "1/2-1/2"]
[WhiteElo "1606"]
[BlackElo "1513"]
[PlyCount "91"]
[EventDate "2002.09.28"]
[EventType "team"]
[EventRounds "9"]
[EventCountry "GER"]
[SourceTitle "EXT 2004"]
[Source "ChessBase"]
[SourceDate "2003.11.25"]
[SourceVersion "1"]
[SourceVersionDate "2003.11.25"]
[SourceQuality "1"]
[WhiteTeam "Saerbeck Falke II"]
[BlackTeam "Steinfurt"]
[WhiteTeamCountry "GER"]
[BlackTeamCountry "GER"]

1. e4 g6 2. d4 Bg7 3. Nf3 c5 4. Bc4 Nf6 5. Nc3 cxd4 6. Nxd4 0-0 7. f3 Nc6 8. Be3 a6 9. Qd2 Na5 10. Be2 b5 11. 0-0-0 Nc4 12. Bxc4 bxc4 13. Bh6 Qc7 14. h4 d6 15. h5 e6 16. Bxg7 Kxg7 17. hxg6 fxg6 18. Nde2 Ne8 19. Qh6+ Kg8 20. Rd4 Rf7 21. Ng3 Rg7 22. Nf1 Qc5 23. Qe3 e5 24. Rd2 Qxe3 25. Nxe3 Be6 26. Ned5 Bxd5 27. Nxd5 Rb8 28. Rhd1 Rgb7 29. c3 a5 30. Ne3 Rc7 31. Rd5 Ra8 32. Rb5 a4 33. a3 Kf7 34. Rb4 Ke6 35. Rxc4 Rxc4 36. Nxc4 Ra6 37. Rh1 h5 38. g4 Nf6 39. gxh5 Nxh5 40. Rd1 g5 41. Kc2 Nf4 42. b3 axb3+ 43. Kxb3 Nh5 44. Rd5 Nf4 45. Rb5 Nd3 46. Ne3 1/2-1/2

[Event "Steinfurt Bezirksliga 0203"]
[Site "Germany"]
[Date "2002.09.14"]
[Round "1.3"]
[White "Ross, Matthias"]
[Black "Schwermann, Rolf"]
[Result "1/2-1/2"]
[WhiteElo "1772"]
[BlackElo "1513"]
[PlyCount "95"]
[EventDate "2002.09.14"]
[EventType "team-tourn"]
[EventRounds "9"]
[EventCountry "GER"]
[SourceTitle "EXT 2004"]
[Source "ChessBase"]
[SourceDate "2003.11.25"]
[SourceVersion "1"]
[SourceVersionDate "2003.11.25"]
[SourceQuality "1"]
[WhiteTeam "Neuenkirchen II"]
[BlackTeam "Steinfurt II"]
[WhiteTeamCountry "GER"]
[BlackTeamCountry "GER"]

1. e4 g6 2. Nf3 Bg7 3. d4 d6 4. Bc4 Nf6 5. Nc3 0-0 6. 0-0 Nbd7 7. e5 Ng4 8. Ng5 Nb6 9. Bxf7+ Rxf7 10. e6 Rxf2 11. Rxf2 Nxf2 12. Kxf2 Qf8+ 13. Kg1 h6 14. Nf3 Bxe6 15. d5 Bg4 16. Qd3 Qf5 17. Nh4 Qxd3 18. cxd3 Bd4+ 19. Kh1 Kg7 20. Bd2 Rf8 21. h3 Bd7 22. Re1 Rf7 23. Nf3 Bf2 24. Re2 Bc5 25. a3 Nc8 26. Ne4 Bb6 27. Kh2 c6 28. Nc3 Bd8 29. Nd4 cxd5 30. Nxd5 e6 31. Nxe6+ Bxe6 32. Rxe6 Ne7 33. Bc3+ Kf8 34. Nxe7 Bxe7 35. Rxg6 Rh7 36. Bd2 h5 37. Rh6 Rxh6 38. Bxh6+ Kf7 39. g4 Kg6 40. Bf4 d5 41. Kg3 a5 42. Kf3 a4 43. Ke3 Bc5+ 44. Kf3 Bd4 45. Bc1 Be5 46. Ke3 Bf6 47. Kd2 hxg4 48. hxg4 1/2-1/2